Content analysis : a methodology for structuring and analyzing written material /

Bibliographic Details
Corporate Author: United States. General Accounting Office. Program Evaluation and Methodology Division
Format: Government Document Microform Book
Language:English
Published: Washington, D.C. (441 G St., NW, Rm. LM, Washington 20548) : U. S. General Accounting Office, [1996]
Subjects:
Online Access:https://purl.fdlp.gov/GPO/LPS33327

MARC

Tag First Indicator Second Indicator Subfields
LEADER 00000cam a2200000 a 4500
001 in00001404417
007 he bmb024bbcd
008 970813s1996 dcu bb f000 0 eng c
005 20230331145511.2
035 |a (OCoLC)ocm37461160 
035 |9 AHM3277AM 
035 |a in00001404417 
037 |a 157490  |b GAO (202) 512-6000 (Voice); (202) 512-6061 (Fax); (202) 512-2537 (TDD)  |f paper copy 
040 |a GPO  |c GPO  |d MvI  |d UtOrBLW 
042 |a pcc 
043 |a n-us--- 
049 |a UMIC 
049 |a WWW 
074 |a 0546-D (MF) 
074 |a 0546-D (online) 
086 0 |a GA 1.13:PEMD-10.3.1 
088 |a GAO/PEMD-10.3.1 
110 1 |a United States.  |b General Accounting Office.  |b Program Evaluation and Methodology Division. 
245 1 0 |a Content analysis :  |b a methodology for structuring and analyzing written material /  |c United States General Accounting Office, Program Evaluation and Methodology Division. 
246 3 0 |a Methodology for structuring and analyzing written material 
264 1 |a Washington, D.C. (441 G St., NW, Rm. LM, Washington 20548) :  |b U. S. General Accounting Office,  |c [1996] 
300 |a 75 pages ;  |c 28 cm. 
336 |a text  |b txt  |2 rdacontent 
337 |a microform  |b h  |2 rdamedia 
338 |a microfiche  |b he  |2 rdacarrier 
500 |a Cover title. 
500 |a Distributed to depository libraries in microfiche. 
500 |a Shipping list number: 97-0685-M. 
500 |a "September 1996." 
504 |a Includes bibliographical references (pages 68-73). 
500 |a "GAO/PEMD-10.3.1." 
533 |a Microfiche.  |b [Washington, D.C.] :  |c U.S. General Accounting Office,  |d [1997?]  |e 1 microfiche : negative. 
530 |a Also available via Internet from the GPO Access web site. Address as of 7/10/03: http://frwebgate.access.gpo.gov/cgi-bin/getdoc.cgi?dbname=gao&docid=f:pe105%F35%F1.txt; current access is available via PURL. 
500 |a Microform. 
650 0 |a Content analysis (Communication) 
610 1 0 |a United States.  |b General Accounting Office. 
856 4 1 |u https://purl.fdlp.gov/GPO/LPS33327  |t 0 
999 |a MARS 
999 f f |i 1bb9ecbf-d78c-369b-82ca-cabaa586538d  |s d077ef59-d081-3600-8c9a-abf5119e508c  |t 0 
952 f f |p normal  |a Texas A&M University  |b College Station  |c Sterling C. Evans Library  |d Evans: US Documents Microfiche (3rd floor)  |t 0  |e GA 1.13:PEMD-10.3.1  |h Superintendent of Documents classification  |i microform -- microfiche  |m A14821268628 
952 f f |a Texas A&M University  |b College Station  |c Electronic Resources  |d Available Online  |t 0  |e GA 1.13:PEMD-10.3.1  |h Superintendent of Documents classification 
998 f f |a GA 1.13:PEMD-10.3.1  |t 0  |l Available Online 
998 f f |a GA 1.13:PEMD-10.3.1  |t 0  |l Evans: US Documents Microfiche (3rd floor)